重庆市区跨江大桥 - Statistics

General Stats
  • This quiz has been taken 27 times
  • The average score is 20 of 44
Answer Stats
开通时间 横跨河流 所在主城行政区 回答 % Correct
2015.04.29 嘉陵江 江北区、渝中区 千厮门嘉陵江大桥
87%
1980.07.01 长江 渝中区、南岸区 重庆长江大桥
83%
2007.10.29 长江 渝中区、南岸区 菜园坝长江大桥
74%
2009.04.29 长江 江北区、南岸区 朝天门长江大桥
70%
2014.03.31 长江 渝中区、南岸区 东水门长江大桥
70%
1997.01.12 长江 九龙坡区、巴南区 李家沱长江大桥
65%
2000.12.27 长江 九龙坡区、南岸区 鹅公岩大桥
61%
2002.01.11 嘉陵江 渝中区、江北区 渝澳大桥
61%
1966.01.20 嘉陵江 渝中区、江北区 嘉陵江大桥
57%
1999.12.26 嘉陵江 渝中区、江北区 黄花园嘉陵江大桥
57%
2008.12.25 长江 大渡口区、南岸区 鱼洞长江大桥
57%
2017.12.31 长江 江北区、南岸区 寸滩长江大桥
57%
1988.12.25 嘉陵江 江北区、沙坪坝区 石门嘉陵江大桥
52%
1998.12 嘉陵江 江北区、沙坪坝区 高家花园大桥
52%
2001.12.26 长江 大渡口区、巴南区 马桑溪长江大桥
52%
2001.12.27 长江 江北区、南岸区 大佛寺长江大桥
52%
2007.12.12 嘉陵江 北碚区 碚东大桥
52%
2020.12.31 嘉陵江 江北区、渝中区 曾家岩嘉陵江大桥
52%
2007.06.16 嘉陵江 江北区、渝中区 嘉华嘉陵江大桥
48%
2021.09.26 嘉陵江 北碚区、渝北区 礼嘉嘉陵江大桥
48%
2021.09.29 嘉陵江 北碚区、渝北区 蔡家嘉陵江大桥
48%
2022.01.24 长江 大渡口区、巴南区 白居寺长江大桥
48%
2022.10.28 嘉陵江 江北区、渝中区 红岩村嘉陵江大桥
48%
1969.09 嘉陵江 北碚区 朝阳大桥
43%
2001.07 嘉陵江 北碚区、渝北区 马鞍石大桥
43%
2009.12.31 长江 江北区、南岸区 鱼嘴两江大桥
43%
2011.07.30 嘉陵江 北碚区 朝阳桥
43%
2009.10 嘉陵江 北碚区、渝北区 嘉悦大桥
39%
2015.02 嘉陵江 沙坪坝区、江北区 双碑嘉陵江大桥
39%
2021.09.29 嘉陵江 北碚区 水土新城大桥
39%
2023.01.18 长江 江北区、南岸区 郭家沱长江大桥
39%
2009.06 嘉陵江 北碚区 水土嘉陵江大桥
35%
2023.01.18 长江 渝中区、南岸区 南纪门长江轨道专用桥
35%
2020.10.20 长江 渝北区、巴南区 太洪长江大桥
30%
2018.12 嘉陵江 江北区、沙坪坝区 高家花园轨道大桥
26%
2006.06.26 长江 渝中区、南岸区 重庆长江大桥复线桥
22%
2004.08.22 长江 九龙坡区 地维长江大桥
17%
2008.07.18 嘉陵江 渝中区、江北区 牛角沱嘉陵江轨道专用桥
17%
2017 嘉陵江 江北区、沙坪坝区 高家花园复线桥
17%
2022.01.25 嘉陵江 江北区、渝中区 嘉华轨道专用桥
17%
2023.12.28 长江 九龙坡区、巴南区 李家沱长江复线桥
17%
2002.06.28 嘉陵江 北碚区 北碚东阳嘉陵江大桥
13%
2013.12 嘉陵江 北碚区、渝北区 蔡家轨道大桥
13%
2019.12.30 长江 九龙坡区、南岸区 鹅公岩轨道大桥
13%
No matching quizzes found
Score Distribution
Percent of People with Each Score
Percentile by Number Answered
Your Score History
You have not taken this quiz